Online katalóg knižníc regiónu Turca

Literárna rukoväť / (Record no. 20151)

MARC details
000 -LEADER
fixed length control field 00812nam a22002651 4500
001 - CONTROL NUMBER
control field 20151
003 - CONTROL NUMBER IDENTIFIER
control field CZ PrNK
005 - DATE AND TIME OF LATEST TRANSACTION
control field 20260117124739.0
008 - FIXED-LENGTH DATA ELEMENTS--GENERAL INFORMATION
fixed length control field 980810s1981 xo c g 001 0dslo
040 ## - CATALOGING SOURCE
Original cataloging agency ABA001
Language of cataloging cze
Transcribing agency ABA001
Modifying agency ABA001
072 #7 - SUBJECT CATEGORY CODE
Subject category code 82
Subject category code subdivision Literatura. Literární život
Source Konspekt
080 ## - UNIVERSAL DECIMAL CLASSIFICATION NUMBER
Universal Decimal Classification number 82
Edition identifier MRF
080 ## - UNIVERSAL DECIMAL CLASSIFICATION NUMBER
Universal Decimal Classification number (035)
Edition identifier MRF
245 00 - TITLE STATEMENT
Title Literárna rukoväť /
Statement of responsibility, etc. Jozef Minárik ... [et al.]
250 ## - EDITION STATEMENT
Edition statement 2. vyd.
260 ## - PUBLICATION, DISTRIBUTION, ETC.
Place of publication, distribution, etc. Bratislava :
Name of publisher, distributor, etc. Slovenské pedagogické nakladateľstvo,
Date of publication, distribution, etc. 1981
300 ## - PHYSICAL DESCRIPTION
Extent 415 s. :
Other physical details il. ;
Dimensions 20 cm
504 ## - BIBLIOGRAPHY, ETC. NOTE
Bibliography, etc. note Obsahuje bibliografie
650 07 - SUBJECT ADDED ENTRY--TOPICAL TERM
Topical term or geographic name entry element světová literatura
Source of heading or term czenas
650 07 - SUBJECT ADDED ENTRY--TOPICAL TERM
Topical term or geographic name entry element dějiny světové literatury
Source of heading or term czenas
655 #7 - INDEX TERM--GENRE/FORM
Genre/form data or focus term příručky
Source of term czenas
700 1# - ADDED ENTRY--PERSONAL NAME
Personal name Minárik, Jozef,
Dates associated with a name 1922-2008
Relationship aut
910 ## - USER-OPTION DATA (OCLC)
User-option data ABA001
942 ## - ADDED ENTRY ELEMENTS (KOHA)
Source of classification or shelving scheme Dewey Decimal Classification
Koha item type Odborná literatúra pre dospelých
Suppress in OPAC No
Holdings
Stav vyradenia Strata Poškodenie Spôsob nadobudnutia Domovská knižnica Aktuálna knižnica Dátum nadobudnutia Total checkouts Total renewals Čiarový kód exemplára Date last seen Date last checked out Typ exemplára
      Dar Obecná knižnica Horná Štubňa Obecná knižnica Horná Štubňa 17.01.2026 1 2 4736200161 26.03.2026 05.02.2026 Odborná literatúra pre dospelých
Projekt je podporený Slovenskou asociáciou knižníc
Prevádzkuje Turčianska knižnica Martin 2026